Fundamentals of governmental accounting /

Bibliographic Details
Main Author: Morey, Lloyd, 1886-1965
Other Authors: Hackett, Robert Phillip, 1901-
Format: Book
Language:English
Published: New York : Wiley, [1951]
Edition:2d ed.
Series:A Wiley publication in accounting
Subjects:

MARC

Tag First Indicator Second Indicator Subfields
LEADER 00000cam a2200000 4500
001 in00000063260
005 20151008051729.0
008 730924s1951 nyu b 00000 eng u
010 |a  51000868  
035 |a (OCoLC)00697390 
035 |9 AAG9662AM 
040 |c CPL  |d TXA  |d UtOrBLW 
049 |a TXAM  |c [191614] 
050 0 |a HJ9733  |b .M6 1951 
082 0 |a 336.73 
092 |a 336.73  |b M845f2 
100 1 |a Morey, Lloyd,  |d 1886-1965. 
245 1 0 |a Fundamentals of governmental accounting /  |c by Lloyd Morey and Robert Phillip Hackett. 
250 |a 2d ed. 
264 1 |a New York :  |b Wiley,  |c [1951] 
300 |a xiii, 518 pages :  |b forms. ;  |c 24 cm. 
336 |a text  |b txt  |2 rdacontent 
337 |a unmediated  |b n  |2 rdamedia 
338 |a volume  |b nc  |2 rdacarrier 
490 0 |a A Wiley publication in accounting 
504 |a Bibliography: pages 505-512. 
650 0 |a Finance, Public  |z United States  |x Accounting. 
700 1 |a Hackett, Robert Phillip,  |d 1901- 
740 0 |a Governmental accounting. 
999 |a MARS 
999 f f |s 25e29515-6486-323a-9081-3d9cdd0364db  |i f445e428-8c8f-37d0-b5f5-e4bcd3bd49fb  |t 0 
952 f f |p ric  |a Texas A&M University  |b Rellis Campus  |c Joint Library Facility  |d Remote Storage  |t 0  |e HJ9733 .M6 1951  |h Library of Congress classification  |i unmediated -- volume  |m A14800752117 
998 f f |a HJ9733 .M6 1951  |t 0  |l Remote Storage